Central Library OPAC University of Rajshahi

Arms and the woman : (Record no. 24629)

MARC details
000 -LEADER
fixed length control field 00907cam a2200277u 4500
001 - CONTROL NUMBER
control field 24629
003 - CONTROL NUMBER IDENTIFIER
rucl marc code BD-RjUL
005 - DATE AND TIME OF LATEST TRANSACTION
control field 20211209001057.0
008 - FIXED-LENGTH DATA ELEMENTS--GENERAL INFORMATION
fixed length control field 140315s1966 enkcf 001 0 eng
035 ## - SYSTEM CONTROL NUMBER
System control number (BD-RjUL) 24698
040 ## - CATALOGING SOURCE
Original cataloging agency DLC
Transcribing agency CarP
Modifying agency DLC
-- BD-RjUL
Language of cataloging eng
041 1# - LANGUAGE CODE
Language code of text/sound track or separate title eng
Language code of original ger
082 ## - DEWEY DECIMAL CLASSIFICATION NUMBER
Classification number 920
Author mark and year UEA 1966
100 1# - MAIN ENTRY--PERSONAL NAME
Personal name Uexküll, Boris von,
Dates associated with a name 1793-1870.
9 (RLIN) 75800
245 10 - TITLE STATEMENT
Title Arms and the woman :
Remainder of title the diaries of Baron Boris Uxkull, 1812-1819 /
260 ## - PUBLICATION, DISTRIBUTION, ETC. (IMPRINT)
Place of publication, distribution, etc. London :
Name of publisher, distributor, etc. Secker & Warburg,
Date of publication, distribution, etc. c1966.
300 ## - PHYSICAL DESCRIPTION
Pagination 319 p. :
Illustrations ill., Portrits, plates, map ;
Size 22 cm.
504 ## - BIBLIOGRAPHY, ETC. NOTE
Bibliography, etc Includes index.
651 #0 - SUBJECT ADDED ENTRY--GEOGRAPHIC NAME
Geographic name Europe
General subdivision History
Chronological subdivision 1789-1815
Form subdivision Sources.
9 (RLIN) 75801
700 1# - ADDED ENTRY--PERSONAL NAME
Personal name Uexküll, J.-Detlev
Fuller form of name (Jürgen-Detlev),
Relator term ed.
Personal name Carmichael, Joel.
Relator term tr.
942 ## - ADDED ENTRY ELEMENTS (KOHA)
Source of classification or shelving scheme Dewey Decimal Classification
Koha item type Books
Holdings
Lost status Source of classification or shelving scheme Damaged status Not for loan Collection code Permanent Location Current Location Shelving location Date acquired Source of acquisition Cost, normal purchase price Total Checkouts Full call number Date last seen Copy number Koha item type
  Dewey Decimal Classification   Added to bundle Fiction Central Library, University of Rajshahi Central Library, University of Rajshahi Reading Room 12/09/1973 Standard Pub. ltd. 52.50   920 UEA 1966 15/03/2014 C-1 Books